000 00180 a2200097 4500
020 _a078073004997
041 _aeng
100 _aLasky, Kathryn
245 _aThe capture
942 _cBK
999 _c9286
_d9286